<?xml version="1.0" encoding="UTF-8"?>
<record
    xmlns:xsi="http://www.w3.org/2001/XMLSchema-instance"
    xsi:schemaLocation="http://www.loc.gov/MARC21/slim http://www.loc.gov/standards/marcxml/schema/MARC21slim.xsd"
    xmlns="http://www.loc.gov/MARC21/slim">

  <leader>05160nam a2200337 a 4500</leader>
  <controlfield tag="001"> </controlfield>
  <controlfield tag="003">DO-SdBNP</controlfield>
  <controlfield tag="005">20210830095227.0</controlfield>
  <controlfield tag="008">090630s2008    dr abc        000 0 spa d</controlfield>
  <datafield tag="020" ind1=" " ind2=" ">
    <subfield code="a">9789945001624</subfield>
  </datafield>
  <datafield tag="040" ind1=" " ind2=" ">
    <subfield code="a">BPMSU</subfield>
    <subfield code="b">spa</subfield>
    <subfield code="c">BPMSU</subfield>
  </datafield>
  <datafield tag="082" ind1=" " ind2=" ">
    <subfield code="a">972.93054</subfield>
    <subfield code="b">P438v 2008</subfield>
    <subfield code="2">22</subfield>
  </datafield>
  <datafield tag="092" ind1=" " ind2=" ">
    <subfield code="b"> </subfield>
  </datafield>
  <datafield tag="100" ind1="1" ind2=" ">
    <subfield code="a">P&#xE9;rez Modesto, Rafael,</subfield>
    <subfield code="c">1944-</subfield>
  </datafield>
  <datafield tag="245" ind1="1" ind2="0">
    <subfield code="a">Vivencias de un guerrillero :</subfield>
    <subfield code="b">testimonio de un combatiente del Frente "Juan de Dios Ventura Sim&#xF3;" /</subfield>
    <subfield code="c">Rafael P&#xE9;rez Modesto ; pr&#xF3;logo Miguel Guerrero ; editor Edgar Valenzuela.</subfield>
  </datafield>
  <datafield tag="250" ind1=" " ind2=" ">
    <subfield code="a">2a. ed</subfield>
  </datafield>
  <datafield tag="260" ind1=" " ind2=" ">
    <subfield code="a">Santo Domingo :</subfield>
    <subfield code="b">B&#xFA;ho,</subfield>
    <subfield code="c">2008</subfield>
  </datafield>
  <datafield tag="300" ind1=" " ind2=" ">
    <subfield code="a">251p. :</subfield>
    <subfield code="b">il., mapa., retr. ;</subfield>
    <subfield code="c">23 cm.</subfield>
  </datafield>
  <datafield tag="500" ind1=" " ind2=" ">
    <subfield code="a">Incluye las ruta seguida por combatientes del frente "Juan de Dios Ventura Sim&#xF3;" desde Bonao hasta Ocoa.</subfield>
  </datafield>
  <datafield tag="505" ind1="0" ind2=" ">
    <subfield code="a">Notas introductorias a la segunda edici&#xF3;n, 13.-- Palabras del Lic. Rafael P&#xE9;rez Modesto al poner a circular su libro : Vivencias de un guerrillero, 15.-- Palabras pronunciadas por Jos&#xE9; Chez Checo, presidente de la Academia Dominicana de la Historia, en el acto de la puesta en circulaci&#xF3;n de la obra &#xA8;Vivencias de un guerrillero&#xA8; de Rafael P&#xE9;rez Modesto, 19.-- Pr&#xF3;logo, 25.-- Introducci&#xF3;n, 29.-- Infancia y adolescencia prematuramente pol&#xED;tica, 31.-- Ni&#xF1;ez y precoz adolescencia, 33.-- La furia de Trujillo contra monse&#xF1;or Panal, 37.-- Ataques del 18 de abril de 1961, 42.-- Ajustician al tirano. La lucha del pueblo contra los remanentes trujillistas, 47.-- Militancia revolucionaria en el 14 de junio, 55.-- Se estrecha mi vinculaci&#xF3;n al 1J4, 57.-- Curso de formaci&#xF3;n pol&#xED;tica, 61.-- Diferentes responsabilidades asignadas, 64.-- Juramentaci&#xF3;n del presidente Juan Bosch. Aprestos golpistas contra el gobierno constitucional, 68.-- El fat&#xED;dico golpe que cambi&#xF3; la historia, 73.-- Lleg&#xF3; el d&#xED;a D: el d&#xED;a esperado, 85.-- Testimonios del Frente Guerrillero Juan de Dios Ventura Sim&#xF3;, 89.-- El ascenso hacia la loma, 91.-- Permanencia en Bejuco Aplastao, 92.-- El enemigo nos contacta y se produce el primer enfrentamiento, 93.-- Logramos salir del cerco, 96.-- Lo que dec&#xED;a la radio, 100.-- Proseguimos avanzando, 101.-- Abandonamos el lugar y avanzamos a plena luz del d&#xED;a, 102.-- Polo reprime actos de indisciplina, 104.-- Casi tropezamos con las tropas que nos persegu&#xED;an, 106.-- Otro encuentro accidental con tropas y campesinos a su servicio, 107.-- Ascenso a lo inaccesible, 108.-- Falsos disparos, 109.-- La marcha presurosa, 111.-- Una tarde en La Placeta, 115.-- Un cerro inexpugnable, 117.-- Se suma el primer campesino a la guerrilla, 122.-- Alborada inesperada, 125.-- La gran marcha, 126.-- El esperado encuentro con Patricia, 129.-- Desenlace fatal, 132.-- Acciones del capit&#xE1;n Gregorio, 138.-- Movimientos de tensi&#xF3;n en el improvisado campamento militar, 140.-- Fin del frente Juan de Dios Ventura Sim&#xF3;, 142.-- El recibimiento en Rancho Arriba, 144.-- Viacrucis a Santo Domingo, 149.-- Encuentro con los guerrilleros presos, 152.-- La prisi&#xF3;n en San Isidro y en La Victoria, 155.-- En San Isidro y en La Victoria, 157.-- Me encuentra mam&#xE1;, 159.-- Cuatro meses en San Isidro, 161.-- Experiencias en la c&#xE1;rcel de La Victoria, 167.-- El regreso a La Vega, 174.-- Estalla la Guerra de Abril, 176.-- Lista de los miembros de los frentes guerrilleros, 183.--Ap&#xE9;ndice A. Comentarios sobre la primera edici&#xF3;n del libro &#xA8;Vivencias de un guerrillero&#xA8;, 197.-- Comentario de Jos&#xE9; Rafael Lantigua, 199.-- Comentario de Odile Arisel, 203.-- Comentario de Patricia Solano, 205.-- Comentario de Rafael Peralta, 207.-- Comentario de Aquiles Fern&#xE1;ndez, 209.-- Comentario de Conrado Euclides Morillo, 211.-- Ap&#xE9;ndice B. Informaci&#xF3;n en la prensa sobre el libro &#xA8;Vivencias de un guerrillero, 213.-- Vivencias de un guerrillero. A 48 a&#xF1;os de la gesta gloriosa de junio de 1959, 215.-- P&#xE9;rez Modesto relata vivencias de un guerrillero, 219.-- &#xA8;Vivencias de un guerrillero&#xA8;, 223.-- P&#xE9;rez Modesto pone en circulaci&#xF3;n obra, 225.-- &#xA8;Vivencias de un guerrillero&#xA8; re&#xFA;ne una generaci&#xF3;n combatiente, 227.-- P&#xE9;rez Modesto pone en circulaci&#xF3;n libro, 229.-- P&#xE9;rez Modesto pone en circulaci&#xF3;n obra &#xA8;Vivencias de un guerrillero&#xA8;, 231.-- Presentan memorias de combate 48 a&#xF1;os despu&#xE9;s, 235.-- Las vivencias de Rafael P&#xE9;rez Modesto, 237.-- Vivencias de un guerrillero, 241.-- Al d&#xED;a (1), 245.-- Al d&#xED;a (2), 247.-- Vivencias de un guerrillero, 249.-- Se buscan bestsellers, 251.</subfield>
  </datafield>
  <datafield tag="520" ind1=" " ind2=" ">
    <subfield code="a">"Vivencias de un guerrillero" describe y analiza las luchas patri&#xF3;ticas del pa&#xED;s en las postrimer&#xED;as de la tiran&#xED;a Trujillista y la etapa inmediatamente posterior a la misma, con algunos datos autobiogr&#xE1;ficos.</subfield>
  </datafield>
  <datafield tag="600" ind1="1" ind2="4">
    <subfield code="a">P&#xE9;rez Modesto, Rafael </subfield>
    <subfield code="d">1944-</subfield>
    <subfield code="x">Relatos personales </subfield>
  </datafield>
  <datafield tag="610" ind1="1" ind2="4">
    <subfield code="a">Movimiento Revolucionario 14 de Junio (Rep&#xFA;blica Dominicana) </subfield>
    <subfield code="x">Historia</subfield>
    <subfield code="y"> 1961-1965</subfield>
  </datafield>
  <datafield tag="651" ind1=" " ind2="4">
    <subfield code="a">Rep&#xFA;blica Dominicana </subfield>
    <subfield code="x">Historia </subfield>
    <subfield code="y">1961-</subfield>
  </datafield>
  <datafield tag="651" ind1=" " ind2="4">
    <subfield code="a">Rep&#xFA;blica Dominicana </subfield>
    <subfield code="x">Historia </subfield>
    <subfield code="y">Revoluci&#xF3;n, 1965</subfield>
    <subfield code="x">Relatos personales </subfield>
  </datafield>
  <datafield tag="651" ind1=" " ind2="4">
    <subfield code="a">Rep&#xFA;blica Dominicana </subfield>
    <subfield code="x">Pol&#xED;tica y gobierno </subfield>
    <subfield code="y">1961-</subfield>
  </datafield>
  <datafield tag="700" ind1="1" ind2=" ">
    <subfield code="a">Guerrero, Miguel,</subfield>
    <subfield code="e">pr&#xF3;l.</subfield>
  </datafield>
  <datafield tag="700" ind1="1" ind2=" ">
    <subfield code="a">Valenzuela, Edgar,</subfield>
    <subfield code="e">ed.</subfield>
  </datafield>
  <datafield tag="910" ind1=" " ind2=" ">
    <subfield code="a">VMateo V. </subfield>
  </datafield>
  <datafield tag="942" ind1=" " ind2=" ">
    <subfield code="2">ddc</subfield>
    <subfield code="c">BK</subfield>
  </datafield>
  <datafield tag="952" ind1=" " ind2=" ">
    <subfield code="0">0</subfield>
    <subfield code="1">0</subfield>
    <subfield code="2">ddc</subfield>
    <subfield code="4">0</subfield>
    <subfield code="7">0</subfield>
    <subfield code="8">CD</subfield>
    <subfield code="a">BPMET</subfield>
    <subfield code="b">BPMET</subfield>
    <subfield code="d">2021-08-30</subfield>
    <subfield code="l">0</subfield>
    <subfield code="o">BPMSU CD 972.93054 P438v 2008</subfield>
    <subfield code="p">BPMSU21080101</subfield>
    <subfield code="r">2021-08-30</subfield>
    <subfield code="w">2021-08-30</subfield>
    <subfield code="y">BK</subfield>
  </datafield>
  <datafield tag="952" ind1=" " ind2=" ">
    <subfield code="0">0</subfield>
    <subfield code="1">0</subfield>
    <subfield code="2">ddc</subfield>
    <subfield code="4">0</subfield>
    <subfield code="7">0</subfield>
    <subfield code="8">CD</subfield>
    <subfield code="a">BPMET</subfield>
    <subfield code="b">BPMET</subfield>
    <subfield code="d">2021-08-30</subfield>
    <subfield code="l">0</subfield>
    <subfield code="o">BPMSU CD 972.93054 P438v 2008</subfield>
    <subfield code="p">BPMSU21080102</subfield>
    <subfield code="r">2021-08-30</subfield>
    <subfield code="t">e.2</subfield>
    <subfield code="w">2021-08-30</subfield>
    <subfield code="y">BK</subfield>
  </datafield>
  <datafield tag="952" ind1=" " ind2=" ">
    <subfield code="0">0</subfield>
    <subfield code="1">0</subfield>
    <subfield code="2">ddc</subfield>
    <subfield code="4">0</subfield>
    <subfield code="7">0</subfield>
    <subfield code="8">CD</subfield>
    <subfield code="a">BPMET</subfield>
    <subfield code="b">BPMET</subfield>
    <subfield code="d">2021-08-30</subfield>
    <subfield code="l">0</subfield>
    <subfield code="o">BPMSU CD 972.93054 P438v 2008</subfield>
    <subfield code="p">BPMSU26060657</subfield>
    <subfield code="r">2026-06-05</subfield>
    <subfield code="t">e.3</subfield>
    <subfield code="w">2021-08-30</subfield>
    <subfield code="y">BK</subfield>
  </datafield>
  <datafield tag="999" ind1=" " ind2=" ">
    <subfield code="c">13688</subfield>
    <subfield code="d">13688</subfield>
  </datafield>
</record>
